Statistics for 2000s Movies #3

Click here to take the quiz!

General Stats

  • This quiz has been taken 62 times
  • The average score is 4 of 10

Answer Stats

HintAnswer% Correct
Who won WWII - American scalphunters, a vengeful Jewish girl or a deceitful Nazi officer?Inglourious Basterds
64%
What if a superhero didn't know he has superpowers? (Starring Bruce Willis and Samuel L. Jackson)Unbreakable
64%
Oh Dae-Su is kidnapped and held captive for 15 years. After that, all is going worse.Oldboy
45%
About Michael Peterson, who goes to prison to become a star and choses the artist's name "Charles Bronson".Bronson
40%
Hayao Miyazaki's Oscar winning film about 10-year old Chihiro.Spirited Away
38%
Daniel Craig in the role that essentially recommended him as James Bond - a drug dealer who's so successful it's getting dangerous for him.Layer Cake
36%
After graduation from college, three guys and two gals rent a cabin in the woods. But beware, there're rednecks and a flesh-eating virus!Cabin Fever
33%
Jean-Baptiste Grenouille has an excellent sense of smell.Perfume
29%
Hong Kong mobsters have to chose a new leader. With the same name as a Reese Witherspoon highschool comedy.Election
20%
Marjane Satrapi tells her own story in an animated black-and-white film.Persepolis
18%

Score Distribution

Percentile by Number Answered

Percent of People with Each Score

Your Score History

You have not taken this quiz